00501nam a2200157 a 4500008004100000020001500041050001500056100002000071245010100091246004400192260003200236300002300268350000900291650001400300710002900314120416s1982 ||||||||||||||||| || u a0070386765 aPN 147 MAC aLongyear, Marie14aThe McGraw-Hill style manual : a concise guide for writers and editorscedited by Marie Longyear aa concise guide for writers and editors aNew YorkbMcGraw-Hillc1982 axiii, 333p. : ill. a0.00 aTEXTBOOKS aMcGraw-Hill Book Company